ការកសាងគំរោងផែនការលើការងារផ្សព្វផ្សាយដើម្បីប្រើប្រាស់ជាមួយកសិករសំរាប់អនុវត្តន៍ក្នុងកម្មវិធីផ្សព្វផ្សាយកសិកម្មនៅប្រទេលកម្ពុជា (Record no. 266)
[ view plain ]
| 000 -LEADER | |
|---|---|
| fixed length control field | 00750nam a22001577a 4500 |
| 003 - CONTROL NUMBER IDENTIFIER | |
| control field | OSt |
| 005 - DATE AND TIME OF LATEST TRANSACTION | |
| control field | 20150911141553.0 |
| 008 - FIXED-LENGTH DATA ELEMENTS--GENERAL INFORMATION | |
| fixed length control field | 150911b xxu||||| |||| 00| 0 eng d |
| 040 ## - CATALOGING SOURCE | |
| Transcribing agency | RUA |
| 082 ## - DEWEY DECIMAL CLASSIFICATION NUMBER | |
| Classification number | AGR សួស 1995 B015 Or.1 |
| 100 ## - MAIN ENTRY--PERSONAL NAME | |
| 9 (RLIN) | 286 |
| Personal name | សួស សំអឿន |
| 245 ## - TITLE STATEMENT | |
| Title | ការកសាងគំរោងផែនការលើការងារផ្សព្វផ្សាយដើម្បីប្រើប្រាស់ជាមួយកសិករសំរាប់អនុវត្តន៍ក្នុងកម្មវិធីផ្សព្វផ្សាយកសិកម្មនៅប្រទេលកម្ពុជា |
| 260 ## - PUBLICATION, DISTRIBUTION, ETC. (IMPRINT) | |
| Place of publication, distribution, etc. | Phnom Penh |
| Name of publisher, distributor, etc. | RUA |
| Date of publication, distribution, etc. | 1995 |
| 300 ## - PHYSICAL DESCRIPTION | |
| Extent | 73p. |
| Other physical details | ill. |
| Dimensions | 29cm. |
| 942 ## - ADDED ENTRY ELEMENTS (KOHA) | |
| Source of classification or shelving scheme | |
| Koha item type | AGR |
No items available.